Problemas de mecánica general y aplicada
Сохранить в:
| Главный автор: | |
|---|---|
| Формат: | |
| Язык: | испанский |
| Опубликовано: |
Barcelona
Labor
1936
|
| Предметы: | |
| Метки: |
Добавить метку
Нет меток, Требуется 1-ая метка записи!
|
MARC
| LEADER | 00000nam a2200000 a 4500 | ||
|---|---|---|---|
| 001 | UCZ1578 | ||
| 003 | CL-VaPUC | ||
| 008 | 950824e19360000SP |||||||||||||||||spa|d | ||
| 082 | 0 | 4 | |a 620.1 |b WIT |2 21 |
| 100 | 0 | |a Wittenbauer, F |e author |9 345176 | |
| 245 | 1 | 0 | |a Problemas de mecánica general y aplicada |
| 300 | |a v | ||
| 942 | |c BK | ||
| 945 | |d 19950824 00:00:00 |a awong | ||
| 260 | |a Barcelona |b Labor |c 1936 | ||
| 500 | |a v.1: Mecánica general | ||
| 500 | |a v.2: Elasticidad y resistencia de materiales | ||
| 500 | |a v.3: Líquido y gases | ||
| 650 | 7 | |a MECANICA PROBLEMAS Y EJERCICIOS |2 CL-VaPUC |9 345177 | |
| 650 | 0 | |a Dinámica |9 260136 | |
| 650 | 0 | |a Cinemática |9 260942 | |
| 583 | |a last modification |c 20160104 00:44:33 |k Rodrigo Vera | ||
| 999 | |c 238313 |d 238311 | ||